الجزرة العنيدة / (رقم التسجيلة. 64369)
[ عرض عادي ]
| 000 -LEADER | |
|---|---|
| fixed length control field | 00721nam a22002177a 4500 |
| 005 - DATE AND TIME OF LATEST TRANSACTION | |
| control field | 20251108171844.0 |
| 008 - FIXED-LENGTH DATA ELEMENTS--GENERAL INFORMATION | |
| fixed length control field | 250721s2001 xx 000 0 ara d |
| 082 14 - DEWEY DECIMAL CLASSIFICATION NUMBER | |
| Classification number | ط/ ق/جزر |
| 100 1# - MAIN ENTRY--PERSONAL NAME | |
| Personal name | روجر، تري |
| Relator term | Cart. |
| 245 10 - TITLE STATEMENT | |
| Title | الجزرة العنيدة / |
| 264 1# - PRODUCTION, PUBLICATION, DISTRIBUTION, MANUFACTURE, AND COPYRIGHT NOTICE | |
| Place of production, publication, distribution, manufacture | بيروت : |
| Name of producer, publisher, distributor, manufacturer | دار العلم للملايين، |
| Date of production, publication, distribution, manufacture, or copyright notice | 2001. |
| 300 ## - PHYSICAL DESCRIPTION | |
| Extent | [16 ص] |
| 490 0# - SERIES STATEMENT | |
| Series statement | نادي القراء |
| 650 17 - SUBJECT ADDED ENTRY--TOPICAL TERM | |
| Topical term or geographic name as entry element | القصص العربية |
| 650 17 - SUBJECT ADDED ENTRY--TOPICAL TERM | |
| Topical term or geographic name as entry element | القصص العربية |
| 653 ## - INDEX TERM--UNCONTROLLED | |
| Uncontrolled term | قصص الأطفال |
| 653 ## - INDEX TERM--UNCONTROLLED | |
| Uncontrolled term | أطفال ما قبل المدرسة (0-5 سنوات) |
| 710 2# - ADDED ENTRY--CORPORATE NAME | |
| Corporate name or jurisdiction name as entry element | دار العلم للملايين . قسم التأليف التربوي |
| 942 ## - ADDED ENTRY ELEMENTS (KOHA) | |
| Source of classification or shelving scheme | Dewey Decimal Classification |
| Koha item type | كتب |
| حالة السحب | حالة الفقدان | مصدر التصنيف | حالة التلف | غير قابل للإعارة | المكتبة الرئيسية | المكتبة الحالية | موقع الرف | تاريخ التزويد | الرقم المتسلسل | Total Checkouts | رقم الإستدعاء | الباركود | تاريخ آخر ظهور | تاريخ الفاتورة | نوع المادة (كوها) |
|---|---|---|---|---|---|---|---|---|---|---|---|---|---|---|---|
| Dewey Decimal Classification | مكتبة أم المؤمنين للأطفال | مكتبة أم المؤمنين للأطفال | الأطفال | 28/07/2025 | 525436 | ط/ ق/جزر | 525436 | 28/07/2025 | 28/07/2025 | كتب | |||||
| Dewey Decimal Classification | مكتبة أم قصير والمقابلين العامة | مكتبة أم قصير والمقابلين العامة | الأطفال | 22/10/2014 | 525421 | ط/ ق/جزر | PLD00354278 | 28/07/2025 | 22/10/2014 | كتب | |||||
| Dewey Decimal Classification | مكتبة الأميرة ايمان العامة | مكتبة الأميرة ايمان العامة | الأطفال | 23/12/2013 | 525413 | ط/ ق/جزر | PLD00291285 | 28/07/2025 | 23/12/2013 | كتب | |||||
| Dewey Decimal Classification | مكتبة البراءة للأطفال | مكتبة البراءة للأطفال | الأطفال | 31/05/2015 | 1598601 | ط/ ق/جزر | PLD00327757 | 28/07/2025 | 31/05/2015 | كتب | |||||
| Dewey Decimal Classification | مكتبة بدر الجديدة للأطفال | مكتبة بدر الجديدة للأطفال | الأطفال | 04/07/2015 | 525433 | ط/ ق/جزر | PLD00335849 | 28/07/2025 | 04/07/2015 | كتب | |||||
| Dewey Decimal Classification | مكتبة صويلح العامة | مكتبة صويلح العامة | الأطفال | 18/08/2019 | 525414 | ط/ ق/جزر | PLD00462395 | 28/07/2025 | 18/08/2019 | كتب | |||||
| Dewey Decimal Classification | مكتبة وادي السير العامة | مكتبة وادي السير العامة | الأطفال | 28/07/2025 | 525423 | ط/ ق/جزر | 525423 | 28/07/2025 | 28/07/2025 | كتب | |||||
| Dewey Decimal Classification | مكتبةمؤتة | مكتبةمؤتة | الأطفال | 22/02/2018 | 1676984 | ط/ ق/جزر | PLD00417829 | 28/07/2025 | 22/02/2018 | كتب |